01428nam a2200433 i 450000100060000000300090000600500170001500800410003202000150007304000260008804500170011404600090013108000160014008000190015610000410017524500560021625000420027226000330031430000840034733600270043133700540045833800290051238000160054138000310055738800140058838800140060250400460061661000340066264800140069664800140071065000360072465000150076065100280077565500160080365800380081965800130085771000260087085600980089635304KOSZ 00520240405063107.0231027s1994 pl abo g 001 0 pol d a8385521291 aKOSZ 005cKOSZ 005/RW bd1939bd1941 k1989 a94(438).082 a94(438).082.211 aTomaszewski, Longind(1921- )eAutor10aKronika wileńska 1939-1941 /cLongin Tomaszewski. aWydanie 3, poszerzone i uzupełnione. aWarszawa :b"Pomost",c1994. a287 stron, [20] kart tablic :bfotografie, ilustracje, mapy, portrety ;c21 cm. aTekstbtxt2rdacontent aBez urządzenia pośredniczącegobn2rdamedia aWoluminbnc2rdacarrier  aKsiążki aPublikacje popularnonukowe1 a1901-20001 a1989-2000 aBibliografia na stronach 243-250. Indeks.27aOkręg Wilno (Armia Krajowa) 7a1901-2000 7a1939-1945 7aII wojna światowa (1939-1945) 7aRuch oporu 7aWilno (Litwa ; okręg) 7aOpracowanie aBezpieczeństwo i wojskowość aHistoria2 aWydawnictwo Most4pbl uhttp://koha.tu.koszalin.pl/cgi-bin/koha/opac-detail.pl?biblionumber=35304yKatalog online BPK